Security of tenure when the lease runs out (Record no. 106239)

MARC details
000 -LEADER
fixed length control field 01100cam a2200229 4500
001 - CONTROL NUMBER
control field L135914
008 - FIXED-LENGTH DATA ELEMENTS--GENERAL INFORMATION
fixed length control field 061218n 000 0 eng u
035 ## - SYSTEM CONTROL NUMBER
System control number (Sirsi) u135914
041 0# - LANGUAGE CODE
Language code of text/sound track or separate title eng
110 2# - MAIN ENTRY--CORPORATE NAME
Corporate name or jurisdiction name as entry element Leasehold Advisory Service
9 (RLIN) 3510
245 00 - TITLE STATEMENT
Title Security of tenure when the lease runs out
Medium [electronic resource]
520 ## - SUMMARY, ETC.
Summary, etc. Explains the leaseholder's rights to remain in their property at the expiry of the lease. Discusses the tenant's eligibility for security at the end of the lease, what happens when the landlord proposes an assured periodic tenancy, the landlord's proposal for possession, and enfranchisement and lease extension rights.
590 ## - LOCAL NOTE (RLIN)
Local note KA
650 24 - SUBJECT ADDED ENTRY--TOPICAL TERM
Topical term or geographic name entry element LEASEHOLD REFORM ACT 1967
650 24 - SUBJECT ADDED ENTRY--TOPICAL TERM
Topical term or geographic name entry element HOUSING AND URBAN DEVELOPMENT ACT 1993
650 24 - SUBJECT ADDED ENTRY--TOPICAL TERM
Topical term or geographic name entry element HOUSING ACT 1988 S2
650 24 - SUBJECT ADDED ENTRY--TOPICAL TERM
Topical term or geographic name entry element LOCAL GOVERNMENT AND HOUSING ACT 1989 S10
651 #4 - SUBJECT ADDED ENTRY--GEOGRAPHIC NAME
Geographic name England and Wales
Chronological subdivision 1543-
690 ## - LOCAL SUBJECT ADDED ENTRY--TOPICAL TERM (OCLC, RLIN)
Topical term or geographic name as entry element PROPERTY-LEASEHOLD PROPERTY-LANDLORD AND TENANT-LEASES
856 40 - ELECTRONIC LOCATION AND ACCESS
Uniform Resource Identifier <a href="https://www.lease-advice.org/secframe.htm">https://www.lease-advice.org/secframe.htm</a>
Public note View the item free of charge at www.lease-advice.org...
942 ## - ADDED ENTRY ELEMENTS (KOHA)
Suppress in OPAC 0
Holdings
Withdrawn status Lost status Source of classification or shelving scheme Damaged status Not for loan Home library Current library Shelving location Date acquired Total Checkouts Full call number Barcode Date last seen Copy number Price effective from Koha item type
    Dewey Decimal Classification     Virtual Virtual Online 18/12/2006   ONLINE PUBLICATION 135914-1001 06/08/2019 1 06/08/2019 Book